Rules and guidance for pharmaceutical manufacturers and distributors 2014 (Record no. 2453)

MARC details
000 -LEADER
fixed length control field 00570nam a22001937a 4500
003 - CONTROL NUMBER IDENTIFIER
control field OSt
005 - DATE AND TIME OF LATEST TRANSACTION
control field 20151106144738.0
008 - FIXED-LENGTH DATA ELEMENTS--GENERAL INFORMATION
fixed length control field 151106b xxu||||| |||| 00| 0 eng d
020 ## - INTERNATIONAL STANDARD BOOK NUMBER
International Standard Book Number 9780857111029
040 ## - CATALOGING SOURCE
Transcribing agency DNLM
082 ## - DEWEY DECIMAL CLASSIFICATION NUMBER
Classification number QV704 R913a 2014
100 ## - MAIN ENTRY--PERSONAL NAME
Personal name MHRA
9 (RLIN) 6024
245 ## - TITLE STATEMENT
Title Rules and guidance for pharmaceutical manufacturers and distributors 2014
260 ## - PUBLICATION, DISTRIBUTION, ETC. (IMPRINT)
Place of publication, distribution, etc. UK;
Name of publisher, distributor, etc. Pharmaceutical Press,
Date of publication, distribution, etc. 2014
300 ## - PHYSICAL DESCRIPTION
Extent xxvi,614p; col.ill:24cm
504 ## - BIBLIOGRAPHY, ETC. NOTE
Bibliography, etc Glossary, appendices, & index included
650 ## - SUBJECT ADDED ENTRY--TOPICAL TERM
Topical term or geographic name as entry element Pharmaceutical guidance
9 (RLIN) 6025
942 ## - ADDED ENTRY ELEMENTS (KOHA)
Source of classification or shelving scheme Other/Generic Classification Scheme
Koha item type Open Shelf
Holdings
Withdrawn status Lost status Source of classification or shelving scheme Damaged status Not for loan Home library Current library Date acquired Source of acquisition Inventory number Total Checkouts Full call number Barcode Date last seen Koha item type
    Other/Generic Classification Scheme     MUST Main Library MUST Main Library 06/11/2015   14/38609   QV704 R913a 2014 2015-2473 06/11/2015 Open Shelf
    Other/Generic Classification Scheme     MUST Main Library MUST Main Library 18/11/2015   14/38066   QV704 R913a 2014 2015-2651 18/11/2015 Open Shelf